The new Penguin dictionary of music / (Record no. 6047)

000 -LEADER
fixed length control field 01024cam a2200301 i 4500
003 - CONTROL NUMBER IDENTIFIER
control field OSt
005 - DATE AND TIME OF LATEST TRANSACTION
control field 20260418150037.0
008 - FIXED-LENGTH DATA ELEMENTS--GENERAL INFORMATION
fixed length control field 780825s1977 enkg d 000 0deng
020 ## - INTERNATIONAL STANDARD BOOK NUMBER
International Standard Book Number 0140510125 :
020 ## - INTERNATIONAL STANDARD BOOK NUMBER
International Standard Book Number 9780140510126
040 ## - CATALOGING SOURCE
Transcribing agency DLC
050 00 - LIBRARY OF CONGRESS CALL NUMBER
Classification number ML100
Item number .J33 1977
100 1# - MAIN ENTRY--PERSONAL NAME
Personal name Jacobs, Arthur,
Dates associated with a name 1922-1996.
245 14 - TITLE STATEMENT
Title The new Penguin dictionary of music /
Statement of responsibility, etc. [by] Arthur Jacobs.
250 ## - EDITION STATEMENT
Edition statement 4th ed.
260 ## - PUBLICATION, DISTRIBUTION, ETC.
Place of publication, distribution, etc. Harmondsworth ;
-- New York :
Name of publisher, distributor, etc. Penguin,
Date of publication, distribution, etc. c1977.
300 ## - PHYSICAL DESCRIPTION
Extent 458 p. :
Other physical details music ;
Dimensions 19 cm.
336 ## - CONTENT TYPE
Content type term text
Content type code txt
Source rdacontent
337 ## - MEDIA TYPE
Media type term unmediated
Media type code n
Source rdamedia
338 ## - CARRIER TYPE
Carrier type term volume
Carrier type code nc
Source rdacarrier
500 ## - GENERAL NOTE
General note Previous ed. published under title: A new dictionary of music.
650 #0 - SUBJECT ADDED ENTRY--TOPICAL TERM
Topical term or geographic name entry element Music
Form subdivision Dictionaries.
650 #0 - SUBJECT ADDED ENTRY--TOPICAL TERM
Topical term or geographic name entry element Music
Form subdivision Bio-bibliography.
655 #7 - INDEX TERM--GENRE/FORM
Authority record control number or standard number https://id.loc.gov/authorities/genreForms/gf2014026086
906 ## - LOCAL DATA ELEMENT F, LDF (RLIN)
a 7
b cbc
c orignew
d 4
e ncip
f 19
g y-gencatlg
942 ## - ADDED ENTRY ELEMENTS (KOHA)
Source of classification or shelving scheme
Koha item type Book
Suppress in OPAC CM
Holdings
Withdrawn status Lost status Source of classification or shelving scheme Damaged status Not for loan Permanent Location Current Location Shelving location Date acquired Source of acquisition Full call number Barcode Date last seen Copy number Price effective from Koha item type Public note Total Checkouts
          AU LIBRARY AU LIBRARY Reference 18.04.2026 DONATION ML100 .J33 1977 C1 28008499 18.04.2026 1 18.04.2026 Book CM  
          AU LIBRARY AU LIBRARY Reference 18.04.2026 DONATION ML100 .J33 1977 C2 28008500 18.04.2026 2 18.04.2026 Book CM  

Powered by Koha